Intermediate microeconomics (Registro nro. 318244)

Detalles MARC
000 -ENCABEZADO
Número de control [NR] 00656nam a2200193 c 4500
005 - FECHA Y HORA DE LA ÚLTIMA TRANSACCIÓN
control field 20201216102333.0
008 - DE LONGITUD FIJA DE DATOS DE ELEMENTOS - INFORMACIÓN GENERAL
Elementos de longitud fija [NR] 120830s2015 enk |||gr|||| 00| 0 eng d
020 ## - NUMERO INTERNACIONAL NORMALIZADO PARA LIBROS [R]
Número Internacional Normalizado del libro [NR] 9780415870054
040 ## - FUENTE DE CATALOGACION [NR]
Agencia de catalogación original [NR] CO-BoUCM
Idioma de catalogación [NR] spa
Quien Cataloga Deissy Garcia
Quien Clasifica Deissy Garcia
041 0# - CODIGO DE IDIOMA [R]
Código de idioma para texto/pista de sonido o título separado [R] Inglés
100 1# - ASIENTO PRINCIPAL--NOMBRE PERSONAL [NR]
Nombre personal [NR] Banerjee, Samiran
ID Autoridad 101567
245 10 - MENCION DE TITULO [NR]
Título [NR] Intermediate microeconomics
Parte restante del título [NR] a tool-building approach
Mención de responsabilidad, etc. [NR] Samiran Banerjee
260 ## - PUBLICACION, DISTRIBUCION, ETC. (PIE DE IMPRENTA) [R]
Lugar de publicación, distribución, etc. [R] Inglaterra
Nombre del editor, distribuidor, etc. [R] Routledge
Fecha de publicación, distribución, etc. [R] 2015
300 ## - DESCRIPCION FISICA [R]
Extensión [R] xv, 325 páginas
504 ## - NOTA DE BIBLIOGRAFIA, ETC. [R]
Nota de bibliografía, etc. [NR] Incluye referencias bibliográficas e índices
650 ## - ASIENTO SECUNDARIO DE MATERIA - TERMINO TEMATICO [R]
Término temático o nombre geográfico como elemento de entrada [NR] Microeconomía
9 (RLIN) 19488
942 ## - ELEMENTOS DE ENTRADA AGREGADOS (KOHA)
Tipo de ítem principal el descrito en 300a Libro
Sistema de clasificación DEWEY
Tema principal Economía
Edición 1
Clasificación 338.5
Parte restante de la signatura top. B215i
Título oculto en OPAC No
Existencias
Signatura topográfica Código de barras Última vez visto Ejemplar Costo de reposición Price effective from Tipo de ítem Perdido Sistema de clasificación Dañado No prestable Tipo de ítem específico Suprimido Ubicación habitual Ubicación actual Localización Fecha de creación Proveedor Forma de adquisición Costo
338.5 B215i 100166992 04/12/2025 Ej.1 229363.00 09/12/2020 Libro   DEWEY     Libro   Claustro Claustro Mezanine 09/12/2020 156 Compra 229363.00